| 000 | 01006nmc a2200325 a 4500 | ||
|---|---|---|---|
| 003 | AR-BaBNM | ||
| 005 | 20251128202832.0 | ||
| 008 | 056019s1988 ||||||||||||||000 | spa|| | ||
| 020 | _a950-21-0913-9 | ||
| 040 | _cAR-BaBNM | ||
| 100 | 1 | _aCarvajal, Julio E. | |
| 245 | 1 | 0 |
_aPara escuchar, decir y cantar _bfolklore aplicado en el jardín de infantes |
| 260 |
_aBuenos Aires _bPlus Ultra _c1988 |
||
| 300 | 0 |
_a102 p. _bil. |
|
| 490 | 0 | _aEstudios de Folklore aplicado. Cuadernos de la poesía y el relato orales | |
| 500 | 0 | _aNotas bibliográficas en p. 95-98 | |
| 504 | _aContiene bibliografía en p. 99-100 | ||
| 650 | 4 | _aACTIVIDADES DE APRENDIZAJE | |
| 650 | 4 | _aEDUCACION MUSICAL | |
| 650 | 4 | _aCOSTUMBRES Y TRADICIONES | |
| 650 | 4 | _aDANZAS FOLKLORICAS | |
| 650 | 4 | _aJUEGOS EDUCATIVOS | |
| 650 | 4 | _aFOLKLORE | |
| 653 | 0 | _aEDUCACION INICIAL | |
| 653 | 0 | _aJARDINES DE INFANTES | |
| 700 | 1 | _aDellepiane, Silvia A. | |
| 700 | 1 |
_aWright, Elena _eilustrador |
|
| 942 | _cBK | ||
| 998 | _cisola | ||
| 999 |
_c807 _d807 |
||